000
00300nam a2200121Ia 4500
008
191201s2003 xx 000 0 und d
100
_a
JOSHI,Hiren
245
0
_a
Electronic Controls for Textile Machines
260
_c
2003
_b
NCUTE-IIT DELHI
300
_a
273
650
_a
B.Tech(TE)
942
_2
ddc
_c
BK
999
_c
6808
_d
6808